Financial Analysis and Institutional Lending Operations (Record no. 3242)
[ view plain ]
| 000 -LEADER | |
|---|---|
| fixed length control field | 00559nam a2200193Ia 4500 |
| 003 - CONTROL NUMBER IDENTIFIER | |
| control field | OSt |
| 005 - DATE AND TIME OF LATEST TRANSACTION | |
| control field | 20220830103410.0 |
| 008 - FIXED-LENGTH DATA ELEMENTS--GENERAL INFORMATION | |
| fixed length control field | 220830b |||||||| |||| 00| 0 eng d |
| 020 ## - INTERNATIONAL STANDARD BOOK NUMBER | |
| International Standard Book Number | 9976600194 |
| 040 ## - CATALOGING SOURCE | |
| Transcribing agency | IFM Library |
| 082 ## - DEWEY DECIMAL CLASSIFICATION NUMBER | |
| Classification number | 336.091724 |
| 100 ## - MAIN ENTRY--PERSONAL NAME | |
| Personal name | Rwegasira, Kami S. P. |
| 9 (RLIN) | 8508 |
| 245 ## - TITLE STATEMENT | |
| Title | Financial Analysis and Institutional Lending Operations |
| 260 ## - PUBLICATION, DISTRIBUTION, ETC. | |
| Place of publication, distribution, etc. | Dar es Salaam: |
| Name of publisher, distributor, etc. | Dar es salaam University Press, |
| Date of publication, distribution, etc. | 1991. |
| 300 ## - PHYSICAL DESCRIPTION | |
| Extent | xiv, 208p. : |
| Other physical details | ill.; 20cm. |
| 500 ## - GENERAL NOTE | |
| General note | Includes Bibliographies |
| 650 ## - SUBJECT ADDED ENTRY--TOPICAL TERM | |
| Topical term or geographic name entry element | Finance |
| 9 (RLIN) | 638 |
| 942 ## - ADDED ENTRY ELEMENTS (KOHA) | |
| Koha item type | Books |
| Source of classification or shelving scheme | Dewey Decimal Classification |
| Suppress in OPAC | No |
| Withdrawn status | Lost status | Source of classification or shelving scheme | Damaged status | Not for loan | Collection code | Home library | Current library | Shelving location | Date acquired | Source of acquisition | Full call number | Barcode | Date last seen | Price effective from | Koha item type |
|---|---|---|---|---|---|---|---|---|---|---|---|---|---|---|---|
| Dewey Decimal Classification | Non-fiction | IFM Main Campus Library | IFM Main Campus Library | Special Reserve Collection | 08/30/2022 | Purchase | 336.091724 RWE | 0000000870 | 05/15/2015 | 02/19/2022 | Books | ||||
| Dewey Decimal Classification | Non-fiction | IFM Main Campus Library | IFM Main Campus Library | Special Reserve Collection | 08/30/2022 | Purchase | 336.091724 RWE | 0000000869 | 03/24/2016 | 02/19/2022 | Books | ||||
| Dewey Decimal Classification | Non-fiction | IFM Main Campus Library | IFM Main Campus Library | Special Reserve Collection | 08/30/2022 | Purchase | 336.091724 RWE | 0000002418 | 03/24/2016 | 02/19/2022 | Books |
